| 000 | 00369cam a2200145ua 4500 | ||
|---|---|---|---|
| 020 | _a9788189729202 | ||
| 082 |
_a631.87 _bPAN/BI |
||
| 100 |
_a. _91190 |
||
| 245 | 0 | 0 | _aBiofertizers and Organic Farming / |
| 260 |
_aNew Delhi : _bGene Tech Books , _c2012 |
||
| 300 | _a397 ; | ||
| 700 | 1 |
_aPanda, Himadri _91191 |
|
| 700 | 1 |
_aHota, Dharamvir _91192 |
|
| 942 | _cBK | ||
| 999 |
_c13292 _d13292 |
||